<?xml version="1.0" encoding="UTF-8"?>
<record
    xmlns:xsi="http://www.w3.org/2001/XMLSchema-instance"
    xsi:schemaLocation="http://www.loc.gov/MARC21/slim http://www.loc.gov/standards/marcxml/schema/MARC21slim.xsd"
    xmlns="http://www.loc.gov/MARC21/slim">

  <leader>00738nam a2200205Ia 4500</leader>
  <datafield tag="999" ind1=" " ind2=" ">
    <subfield code="c">46523</subfield>
    <subfield code="d">46523</subfield>
  </datafield>
  <controlfield tag="001">13362</controlfield>
  <controlfield tag="003">GE_BSU</controlfield>
  <controlfield tag="005">20240906174044.0</controlfield>
  <controlfield tag="008">181216s2012||||ru |||||||||||||| ||rus||</controlfield>
  <datafield tag="020" ind1=" " ind2=" ">
    <subfield code="a">9785906016041</subfield>
  </datafield>
  <datafield tag="040" ind1=" " ind2=" ">
    <subfield code="c">GE_BSU</subfield>
  </datafield>
  <datafield tag="080" ind1=" " ind2=" ">
    <subfield code="a">141.336  &#x428;-61</subfield>
  </datafield>
  <datafield tag="100" ind1=" " ind2=" ">
    <subfield code="a">&#x428;&#x438;&#x43C;&#x43C;&#x435;&#x43B;&#x44C;, &#x410;&#x43D;&#x43D;&#x435;&#x43C;&#x430;&#x440;&#x438;</subfield>
    <subfield code="9">23181</subfield>
  </datafield>
  <datafield tag="245" ind1=" " ind2=" ">
    <subfield code="a">&#x41C;&#x438;&#x440; &#x438;&#x441;&#x43B;&#x430;&#x43C;&#x441;&#x43A;&#x43E;&#x433;&#x43E; &#x43C;&#x438;&#x441;&#x442;&#x438;&#x446;&#x438;&#x437;&#x43C;&#x430; /</subfield>
    <subfield code="c">&#x410;&#x43D;&#x43D;&#x435;&#x43C;&#x430;&#x440;&#x438; &#x428;&#x438;&#x43C;&#x43C;&#x435;&#x43B;&#x44C; ; &#x41F;&#x435;&#x440;. &#x441; &#x430;&#x43D;&#x433;&#x43B;. &#x41D;. &#x418;. &#x41F;&#x440;&#x438;&#x433;&#x430;&#x440;&#x438;&#x43D;&#x43E;&#x439;, &#x410;. &#x421;. &#x420;&#x430;&#x43F;&#x43E;&#x43F;&#x43E;&#x440;&#x442;.</subfield>
  </datafield>
  <datafield tag="250" ind1=" " ind2=" ">
    <subfield code="a">2-&#x43E;&#x435; &#x438;&#x437;&#x434;-&#x435; &#x438;&#x441;&#x43F;&#x440;. &#x438; &#x434;&#x43E;&#x43F;&#x43E;&#x43B;.</subfield>
  </datafield>
  <datafield tag="264" ind1=" " ind2=" ">
    <subfield code="a">&#x41C;&#x43E;&#x441;&#x43A;&#x432;&#x430; :</subfield>
    <subfield code="b">&#x41E;&#x41E;&#x41E; &#x421;&#x430;&#x434;&#x440;&#x430;,</subfield>
    <subfield code="c">2012.</subfield>
  </datafield>
  <datafield tag="300" ind1=" " ind2=" ">
    <subfield code="a">536 &#x441;&#x442;&#x440;. ;</subfield>
    <subfield code="c">22 &#x441;&#x43C;.</subfield>
  </datafield>
  <datafield tag="653" ind1=" " ind2=" ">
    <subfield code="a">&#x41C;&#x438;&#x440; &#x438;&#x441;&#x43B;&#x430;&#x43C;&#x441;&#x43A;&#x43E;&#x433;&#x43E; &#x43C;&#x438;&#x441;&#x442;&#x438;&#x446;&#x438;&#x437;&#x43C;&#x430;</subfield>
  </datafield>
  <datafield tag="942" ind1=" " ind2=" ">
    <subfield code="c">BK</subfield>
    <subfield code="2">udc</subfield>
  </datafield>
  <datafield tag="952" ind1=" " ind2=" ">
    <subfield code="0">0</subfield>
    <subfield code="1">0</subfield>
    <subfield code="2">udc</subfield>
    <subfield code="4">0</subfield>
    <subfield code="6">141336_&#x428;61</subfield>
    <subfield code="7">0</subfield>
    <subfield code="9">60978</subfield>
    <subfield code="a">CPL</subfield>
    <subfield code="b">CPL</subfield>
    <subfield code="c">GEN</subfield>
    <subfield code="d">2018-12-17</subfield>
    <subfield code="o">141.336  &#x428;-61</subfield>
    <subfield code="p">27252</subfield>
    <subfield code="r">2018-12-17</subfield>
    <subfield code="t">27252</subfield>
    <subfield code="w">2018-12-17</subfield>
    <subfield code="y">BK</subfield>
  </datafield>
</record>
